Statistics for Twenty One Pilots Quiz

Click here to take the quiz!

General Stats

  • This quiz has been taken 701 times
  • The average score is 10 of 15

Answer Stats

QuestionAnswer% Correct
How many members were originally in twenty one pilots?3
99%
What age did Tyler write Trees?17
95%
What year was Vessel released?2013
88%
What year did Josh join the band?2011
86%
What was the band's first album?Twenty One Pilots
82%
What is the first song on Blurryface?Heavydirtysoul
78%
What is Josh's hair color as of August 4th, 2016?Pink
77%
What is Tyler's solo album named?No Phun Intended
76%
What twenty one pilots song got on a pop station first?Stressed Out
71%
What's the last song on Vessel?Truce
68%
What city did the Stressed Out video take place?Columbus
64%
What play did the band's name come from?All My Sons
62%
What couple was the ship name Jebby for?Josh Dun and Debby Ryan
46%
What is Tyler's favorite movie?Donnie Darko
11%
What date did Tyler and Jenna get married?March 28th
10%

Score Distribution

Percentile by Number Answered

Percent of People with Each Score

Your Score History

You have not taken this quiz